| 000 | 06472nam a2200433 a 4500 | ||
|---|---|---|---|
| 003 | EG-GiCUC | ||
| 005 | 20260603152329.0 | ||
| 008 | 220905s2021 ua db frm 000 0 eng d | ||
| 040 |
_aEG-GiCUC _beng _cEG-GiCUC |
||
| 041 | 0 |
_aeng _beng _bara |
|
| 049 | _aDeposite | ||
| 082 | 0 | 4 | _a307.12 |
| 092 |
_a307.12 _221 |
||
| 097 | _aPh.D | ||
| 099 | _aCai01.22.03.Ph.D.2021.Al.M | ||
| 100 | 0 |
_aAlshimaa Abdelmonem Hussien _epreparation. |
|
| 245 | 1 | 0 |
_aMethodological Framework For Early Hazard Warning of Coastal Sea Level Rise on Urban Development Using Geomatics Technologies / _cby Alshimaa Abdelmonem Hussien ; Supervised Prof.Dr.Mohamed R. Hagag, Prof.Dr.Tarek Abouelseoud, Prof.Dr.Pasent Hesham Ahmed Yousef. |
| 246 | 1 | 5 | _aإطار منهجي للإنذار المبكر لمخاطر إرتفاع سطح البحر على التنمية العمرانية بإستخدام تقنيات الجيوماتكس |
| 264 | 0 | _c2021 | |
| 300 |
_a145 P . : _bcharts , maps ; _c30cm _eCD |
||
| 336 |
_atext _2rda content |
||
| 337 |
_aUnmediated _2rdamedia |
||
| 338 |
_avolume _2rdacarrier |
||
| 502 | _aThesis (Ph.D.) - Cairo University - Faculty of Urban and Regional Planning - Department of Regional Environment | ||
| 504 | _aBibliography: p. 137-145. | ||
| 520 | 3 | _aThe Egyptian coastal areas are a natural and economic resource of extraordinary value which are highly influenced by the global climate change and sea level rise. Thus, the necessity of assessing the impact of coastal hazardous has become an important practical requirement in Egypt for the implementation of development plans in these vital areas. The absence of precise quantitative estimation of future sea level rise impacts, is one of the major challenges along the Egyptian coasts. Therefore, the decision-makers are facing difficulties in determining the better coastal protection measures to achieve sustainable urban development without using reliable heterogeneous datasets. This research aims to formulate an early warning methodological framework of coastal hazards on urban development by using geomatics to support the decision-makers in planning the needed adaptation strategies. To achieve the purpose of this research and objectives, mathematical and statistical methods following the quantitative, deductive /analytical, and applied approaches were used on two -study areas with different environmental and terrains characteristics along the Mediterranean Sea (Nile Delta) and the Red Sea(from Hurghada to Marsa Alam) with around 200 km long parallel to the shoreline and 500 meters wide (perpendicular to the shoreline).The adopted research methodology consists of four phases. As, sea level rise (SLR) is currently posing a serious threat to coastal communities in Egypt and around the world | |
| 520 | 3 | _aتعد المناطق الساحلية المصرية مورداً طبيعياً واقتصادياً هاما وتتأثر بشدة بتغير المناخ العالمي وإرتفاع مستوى سطح البحر. يعد عدم وجود تقدير كمي دقيق لتأثيرات إرتفاع مستوى سطح البحر أحد التحديات الرئيسية. يهدف هذا البحث إلى صياغة إطار عمل منهجي للإنذار المبكر بشأن الأخطار الساحلية على التنمية العمرانية بإستخدام تقنيات الجيوماتكس لدعم صانعي القرار في تخطيط استراتيجيات التكيف المطلوبة.تتكون منهجية هذا البحث من أربع مراحل. في المرحلة الأولى ، تمت مقارنة قياسات المد والجزر المتاحة مؤخرًا مع سيناريوهات الانبعاثات من قبل الهيئة الدولية المعنية بتغير المناخ (IPCC) لتحديد سيناريوهات التخطيط لارتفاع مستوى سطح البحر مع مراعاة العوامل المحلية والعالمية. نظرًا لأن نتائج تقييمات مخاطر الفيضانات الساحلية تعتمد إلى حد كبير على دقة بيانات نموذج الإرتفاع الرقمي. لذلك ، في المرحلة الثانية ، تم اشتقاق نموذج رياضي للحصول على دقة رأسية أعلى لأحد نماذج الارتفاعات الرقمية المتاحة مجانًا (SRTM) لتحقيق متطلبات دراسات الغمر الساحلي باستخدام أقل حجم من القياسات الميدانية. تم اختيار منطقتين دراسيتين لهذا البحث على ساحل البحر المتوسط و البحر الاحمرلإختلاف الظروف البيئية و الطبوغرافية لكلاهما. وفي المرحلة الثالثة ، تم تقييم دقة طرق الإستخراج الأوتوماتيكية المختلفة لخط الشاطئ من صور الأقمار الصناعية المجانية المختلفة ، ثم تم الكشف عن أحدث المعلومات المتعلقة بمعدلات التعرية الساحلية لكلا منطقتي الدراسة. في المرحلة الأخيرة ، تم تحديد تأثير تلك المخاطر على التنمية العمرانية و المناطق الأكثر تضررا وتم التحقيق في تأثير SLR على تقدم أهداف التنمية المستدامة على المستوى المحلي. تؤكد نتائج هذا البحث أن تكامل تقنيات الجيوماتكس يوفر لمديري الكوارث الساحلية والمهندسين والمخططين فرصة لإستخدام أكثر كفاءة للبيانات المكانية لتقييم المخاطر وتحديد استراتيجيات التكيف. | |
| 530 | _aIssued also as CD | ||
| 546 | _aText in English and abstract in Arabic & English. | ||
| 650 | 0 | _aHazard warning signs | |
| 653 |
_acoastal hazards _asea-level rise _aSRTM |
||
| 700 | 0 |
_aMohamed R. Hagag _ethesis advisor. |
|
| 700 | 0 |
_aPasent Hesham Ahmed Yousef _ethesis advisor. |
|
| 700 | 0 |
_atarek Abouelseoud _ethesis advisor. |
|
| 900 |
_b01-01-2021 _cMohamed R. Hagag _cTarek Abouelseoud _cPasent Hesham Ahmed Yousef _UCairo University _FFaculty of Urban and Regional Planning _DDepartment of Infrastructure and Environmental Planning |
||
| 905 | _aShimaa | ||
| 942 |
_2ddc _cTH |
||
| 999 | _c84782 | ||